Mechanical Behavior of High-Strength Low-Alloy Steels (Record no. 49543)

MARC details
000 -LEADER
fixed length control field 01872nam a2200253Ia 4500
000 - LEADER
fixed length control field 02524naaa 00409uu
001 - CONTROL NUMBER
control field https://directory.doabooks.org/handle/20.500.12854/52927
005 - DATE AND TIME OF LATEST TRANSACTION
control field 20260218105823.0
008 - FIXED-LENGTH DATA ELEMENTS--GENERAL INFORMATION
fixed length control field 211013s9999 xx 000 0 und d
020 ## - INTERNATIONAL STANDARD BOOK NUMBER
International Standard Book Number 9783038972051
024 ## - OTHER STANDARD IDENTIFIER
Standard number or code 10.3390/books978-3-03897-205-1
042 ## - AUTHENTICATION CODE
Authentication code dc
245 #0 - TITLE STATEMENT
Title Mechanical Behavior of High-Strength Low-Alloy Steels
260 ## - PUBLICATION, DISTRIBUTION, ETC.
Name of publisher, distributor, etc. MDPI - Multidisciplinary Digital Publishing Institute
Date of publication, distribution, etc. 2018
300 ## - PHYSICAL DESCRIPTION
Extent 1 electronic resource (218 p.)
520 ## - SUMMARY, ETC.
Summary, etc. High-strength low-alloy steels are designed to provide specific desirable combinations of properties, such as strength, toughness, formability, weldability, and corrosion resistance. These features make them ideal for critical applications under severe service conditions and in aggressive environments, namely rail and road vehicles, passenger car components, construction machinery, industrial equipment, offshore structures, gas pipelines, and bridges, among others. This Special Issue aims to address the mechanical behavior of high-strength low-alloy steels from different perspectives, namely in terms of mechanical deformation, damage, and failure. It gathers scientific contributions from authors working in various fields, for instance processing techniques, the modeling of the mechanical behavior, the characterization of material microstructure, the influence of environmental parameters, temperature dependence, as well as advanced applications.
540 ## - TERMS GOVERNING USE AND REPRODUCTION NOTE
Terms governing use and reproduction Creative Commons
653 ## - INDEX TERM--UNCONTROLLED
Uncontrolled term alloy design
700 1# - ADDED ENTRY--PERSONAL NAME
Personal name Filippo Berto
Relator term editor
700 1# - ADDED ENTRY--PERSONAL NAME
Personal name Ricardo Branco
Relator term editor
856 ## - ELECTRONIC LOCATION AND ACCESS
Uniform Resource Identifier <a href="https://docs.google.com/spreadsheets/d/1yKIrdCPDAG_9c22mwoOIO2DOhtj65Wqa/edit?usp=sharing&ouid=106555315294820607512&rtpof=true&sd=true ">https://docs.google.com/spreadsheets/d/1yKIrdCPDAG_9c22mwoOIO2DOhtj65Wqa/edit?usp=sharing&ouid=106555315294820607512&rtpof=true&sd=true </a>
Link text List of Curated E-Books
942 ## - ADDED ENTRY ELEMENTS (KOHA)
Koha item type E-Book
Holdings
Withdrawn status Source of classification or shelving scheme Damaged status Not for loan Home library Current library Date acquired Total Checkouts Date last seen Price effective from Koha item type
  Library of Congress Classification   Not For Loan Directory of Open Access Books Directory of Open Access Books 12/22/2021   12/22/2021 12/22/2021 E-Book

University of Rizal System
Email us at univlibservices@urs.edu.ph

Visit our Website www.urs.edu.ph/library